Nolan King

N/A


Categories

Science - Physics0200207899.5000
Science - Chemistry020020112116.5000
History - World010010115115.0000
Fine Arts - Painting010010127127.0000
History - European010010122122.0000
Science - Computer Science010010112112.0000
Science - Earth010010111111.0000
RMP - World Mythology000000.0000
Literature - American000000.0000

Buzzes

Science - Physicsconstant1078
Science - Earthwind speed10111
Science - Computer Sciencetrees10112
Literature - AmericanThe Bluest Eye0112
Science - Chemistrysulfuric acid10112
RMP - World MythologyMordred0113
History - Worldimperial examinations10115
Science - Chemistryelectron shielding10121
Science - Physicsmass10121
History - EuropeanOlympia10122